Muhasebe eğitiminde halk eğitimi merkezlerinin rolü: Bilecik halk eğitimi merkezi uygulaması | / (Record no. 67404)
| 000 -BAŞLIK | |
|---|---|
| Sabit Uzunluktaki Kontrol Alanı | 01696nam a22004697a 4500 |
| 001 - KONTROL NUMARASI | |
| Control Dosyası | T0000646 |
| 003 - KONTROL NUMARASI KİMLİĞİ | |
| Kontrol Alanı | KOHA_MİRAKIL |
| 005 - EN SON İŞLEM TARİHİ ve ZAMANI | |
| Kontrol Alanı | 20260207004657.0 |
| 007 - FİZİKSEL TANIM SABİT ALAN - GENEL BİLGİ | |
| Sabit uzunluklu kontrol alanı | ta |
| 008 - SABİT UZUNLUKTAKİ VERİ ÖGELERİ - GENEL BİLGİ | |
| Sabit Alan | 220318b2022 tu |||grm|||#0|||0|tur | |
| 040 ## - KATALOGLAMA KAYNAĞI | |
| Özgün Kataloglama Kurumu | TR-BiSEU |
| Kataloglama Dili | tur |
| Çeviri Kurumu | TR-BiSEU |
| Açıklama Kuralları | rda |
| 041 0# - DİL KODU | |
| Metin ya da ses kaydının dil kodu | tur |
| 044 ## - YAYINLAYAN/ÜRETEN KURULUŞUN ÜLKE KODU | |
| ISO country code | tu |
| 050 00 - SINIFLAMA ve YER NUMARASI | |
| Sınıflama Numarası | Tez |
| Yer Numarası | 646 |
| 100 1# - KİŞİ ADI | |
| Yazar Adı (Kişi adı) | Fakuç, Tuğba. |
| 245 1# - ESER ADI BİLDİRİMİ | |
| Başlık | Muhasebe eğitiminde halk eğitimi merkezlerinin rolü: Bilecik halk eğitimi merkezi uygulaması |
| 245 1# - ESER ADI BİLDİRİMİ | |
| Başlık | |
| 245 1# - ESER ADI BİLDİRİMİ | |
| Başlık | / |
| Sorumluluk Bildirimi | Tuğba Fakuç ; Tuğba Fakuç; danışman Meral Erol Fidan. |
| 264 #1 - ÜRERİM, YAYIN, DAĞITIM ve TELİF BİLDİRİMİ | |
| Yayın yeri | Bilecik : |
| Yayınlayan | Bilecik Şeyh Edebali Üniversitesi |
| Yayın tarihi | 2022 |
| 300 ## - FİZİKSEL TANIMLAMA | |
| Sayfa, Cilt vb. | XI, 114 sayfa: resimli; 30 cm. + |
| Birlikteki Materyal | 1 CD-ROM |
| 336 ## - İÇERİK TÜRÜ | |
| Content type term | metin |
| Content type code | txt |
| Source | rdacontent |
| 337 ## - MEDYA TÜRÜ | |
| Media type term | aracısız |
| Media type code | n |
| Source | rdamedia |
| 338 ## - TAŞIYICI TÜRÜ | |
| Carrier type term | cilt |
| Carrier type code | nc |
| Source | rdacarrier |
| 490 0# - DİZİ BİLDİRİMİ | |
| Dizi Bildirimi | Ref. |
| 490 0# - DİZİ BİLDİRİMİ | |
| Dizi Bildirimi | No: 10388328 |
| 500 ## - GENEL NOT | |
| Genel Not | Kaynakça var. |
| 500 ## - GENEL NOT | |
| Genel Not | İngilizce Eser Adı: The role of public education centers in accounting education: Bilecik public education center application. |
| 500 ## - GENEL NOT | |
| Genel Not | |
| 502 ## - TEZ NOTU | |
| Tez Notu | Tez (Yüksek Lisans) -- Bilecik Şeyh Edebali Üniversitesi Lisansüstü Eğitim Enstitüsü İşletme Anabilim Dalı, Bilecik, . |
| 650 #0 - KONU BAŞLIĞI EK GİRİŞ - KONU TERİMİ | |
| Konusal terim veya coğrafi ad | Muhasebe eğitimi. |
| 9 (RLIN) | 126646 |
| 650 #0 - KONU BAŞLIĞI EK GİRİŞ - KONU TERİMİ | |
| Konusal terim veya coğrafi ad | Genel muhasebe eğitimi. |
| 9 (RLIN) | 126647 |
| 650 #0 - KONU BAŞLIĞI EK GİRİŞ - KONU TERİMİ | |
| Konusal terim veya coğrafi ad | Halk eğitim merkezleri. |
| 9 (RLIN) | 126648 |
| 650 #0 - KONU BAŞLIĞI EK GİRİŞ - KONU TERİMİ | |
| Konusal terim veya coğrafi ad | Muhasebe kursları. |
| 9 (RLIN) | 126649 |
| 650 #0 - KONU BAŞLIĞI EK GİRİŞ - KONU TERİMİ | |
| Konusal terim veya coğrafi ad | Accounting education. |
| 9 (RLIN) | 126650 |
| 650 #0 - KONU BAŞLIĞI EK GİRİŞ - KONU TERİMİ | |
| Konusal terim veya coğrafi ad | General accounting education. |
| 9 (RLIN) | 126651 |
| 650 #0 - KONU BAŞLIĞI EK GİRİŞ - KONU TERİMİ | |
| Konusal terim veya coğrafi ad | Public education centers. |
| 9 (RLIN) | 126652 |
| 650 #0 - KONU BAŞLIĞI EK GİRİŞ - KONU TERİMİ | |
| Konusal terim veya coğrafi ad | The accounting course. |
| 9 (RLIN) | 126653 |
| 830 0# - SERİ EK GİRİŞİ - TEKBİÇİM ESER ADI | |
| Tekbiçim Başlık | Ref. |
| 9 (RLIN) | 123605 |
| 830 0# - SERİ EK GİRİŞİ - TEKBİÇİM ESER ADI | |
| Tekbiçim Başlık | No: 10388328 |
| 9 (RLIN) | 126654 |
| 856 40 - ELEKTRONİK YER ve ERİŞİM | |
| Kaynak Tanımlayıcı (URL) | <a href="http://acikkaynak.bilecik.edu.tr/xmlui/handle/11552/2662">http://acikkaynak.bilecik.edu.tr/xmlui/handle/11552/2662</a> |
| 907 ## - LOCAL DATA ELEMENT G, LDG (RLIN) | |
| a | Yüksek Lisans |
| 942 ## - EK GİRİŞ ÖGELERİ (KOHA) | |
| Source of classification or shelving scheme | Library of Congress Classification |
| Koha item type | Thesis |
| Materyal Türü | Kalıcı Konum | Mevcut Konum | Raf Yeri | Sınıflandırma Kaynağı | Edinim Bilgisi | Yer Numarası | Demirbaş Numarası | Fatura Tarihi | Geri Çekilme Durumu | Kayıp Durumu | Hasarlı Durumu | Kredi için değil | Kayıt Tarih | Toplam Ödünçverme | Son Görülme Tarihi | Son Kontrol Tarihi |
|---|---|---|---|---|---|---|---|---|---|---|---|---|---|---|---|---|
| Thesis | Prof. Dr. Azmi Özcan Kütüphanesi | Prof. Dr. Azmi Özcan Kütüphanesi | Depo | Library of Congress Classification | Bağış | Tez/646 | T0000646 | 02/02/2026 | 18/03/2022 | 05/03/2025 | 05/03/2025 |
